|
|
|
|
| LEADER |
01156nam a22002897a 4500 |
| 001 |
41293 |
| 003 |
BD-DhAAL |
| 008 |
230530r19641958mdu 000 1 eng d |
| 040 |
|
|
|a BD-DhAAL
|c BD-DhAAL
|
| 082 |
0 |
0 |
|a 891.733
|
| 100 |
1 |
|
|a Dostoyevsky, Fyodor,
|d 1821-1881.
|
| 245 |
1 |
4 |
|a The brothers Karamazov,
|n volume 1 /
|c Fyodor Dostoevsky ; translated with an introduction by David Magarshack.
|
| 260 |
|
|
|a Maryland :
|b Penguin Books,
|c 1958 [reprinted 1964].
|
| 300 |
|
|
|a xxvi, 382 pages ;
|c 21 cm.
|
| 362 |
|
|
|a Vol. 1
|
| 490 |
|
|
|a Penguin Classics
|
| 541 |
|
|
|a Donated By Akbar Ali Khan
|e 41293
|
| 650 |
|
0 |
|a Fathers and sons
|x Fiction.
|9 7357
|
| 650 |
|
0 |
|a Brothers
|x Fiction.
|9 54041
|
| 650 |
|
0 |
|a English literature.
|
| 651 |
|
0 |
|a Russia
|x Social life and customs
|y 1533-1917
|x Fiction.
|9 54042
|
| 700 |
|
|
|a Magarshack, David,
|d 1899-1977.
|9 54043
|
| 830 |
|
|
|a Penguin Classics
|
| 852 |
|
|
|a Ayesha Abed Library
|c Akbar Ali Khan Collection
|
| 942 |
|
|
|2 ddc
|c BK
|
| 999 |
|
|
|c 45817
|d 45817
|
| 952 |
|
|
|0 0
|1 0
|2 ddc
|4 0
|6 891_733000000000000_DOS
|7 1
|9 73697
|a BRACUL
|b BRACUL
|c AAKC
|d 2023-05-30
|e Donated By Akbar Ali Khan
|l 0
|o 891.733 DOS
|p 3010041293
|r 2025-04-28
|t 1
|w 2023-05-30
|y BK
|